| 000 | 00505nam a2200181Ia 4500 | ||
|---|---|---|---|
| 999 |
_c21618 _d21618 |
||
| 003 | OSt | ||
| 005 | 20200630150300.0 | ||
| 008 | 190216s9999||||xx |||||||||||||| ||und|| | ||
| 020 | _a9780199686063 | ||
| 040 | _coclc | ||
| 082 |
_a907.2 _bBEN/W |
||
| 100 |
_aBentley, Jerry H _93367 |
||
| 245 | 4 |
_aWorld History / _cJerry H Bentley |
|
| 260 |
_bOxford University Press, _c2013. _aUK: |
||
| 300 | _a613p | ||
| 650 | _aWorld History | ||
| 942 |
_cBK _2ddc _h907.2 _iBEN/W _k907.2 _mBEN/W |
||